000 01315nam a22003137a 4500
003 PE SENCICO BE
005 20260224155105.0
008 251113b |||||||| |||| 00| 0 eng d
020 _a978-9962-04-023-1
040 _aPE SENCICO BE
_cPE SENCICO BE
041 _aspa
082 _a748
_bA81
100 1 _aAsensio, Óscar
_918
_eautor
245 1 _aEl gran libro del vidrio /
_cÓscar Asensio ; diseño: Maria Serena Stefler
250 _a[1a ed.]
260 _aBarcelona :
_bLexus Editores,
_c2011
300 1 _a238 páginas :
_bIlustraciones a color ;
_c34 cm.
500 _aEn la cubierta: "Construcción, accesorios, interiorismo"
505 0 _aEL vidrio en la vivienda -- Objetos de decoración y accesorios -- Elementos de construcción
520 3 _aEl vidrio es un elemento que puede ser encontrado tanto en la naturaleza como así también, puede ser producido por el hombre. Los primeros vestigios de la historia de este material se remontan al imperio Egipcio, allá por el año 3500 a.C.
650 1 0 _aVidrios
_9314
650 2 0 _aAislamiento acústico
_9418
650 2 0 _aDecoración y ornamentación
_9397
650 2 0 _aConstrucción
_9339
700 1 _aStefler, María Serena
_926
_ediseño
700 1 _aRojas, Sofía
_927
_ediseño
910 _ahfp
942 _2ddc
_cLIB
999 _c9752
_d9752